| 000 | 00373nam a22001457a 4500 | ||
|---|---|---|---|
| 003 | SGT | ||
| 082 |
_a617.645 _bC23K |
||
| 100 | _aKhumukcham, Tabita | ||
| 245 | _aParental acceptance of silver diamine fluoride.. | ||
| 260 |
_aGurugram, Haryana _bSGT University _c2023 |
||
| 300 | _a48 | ||
| 650 | _aPediatric Dentistry | ||
| 653 | _aPediatric Dentistry | ||
| 942 |
_2ddc _cTH |
||
| 999 |
_c25611 _d25611 |
||